书目信息 |
| 题名: |
初中英语
|
|
| 作者: | ;北京师范大学出版社组 编 | |
| 分册: | ||
| 出版信息: | 北京 北京师范大学出版社 1998.04 |
|
| 页数: | 455页 | |
| 开本: | 19cm | |
| 丛书名: | 名师典型例题详解手册 | |
| 单 册: | ||
| 中图分类: | G633.41 | |
| 科图分类: | ||
| 主题词: | 中学--英语课 | |
| 电子资源: | ||
| ISBN: | 7-303-04564-3 | |
| 000 | 00668nam2 2200217 45 | |
| 001 | 0405061638 | |
| 005 | 20041115090111.3 | |
| 010 | @a7-303-04564-3@dCNY18.00 | |
| 100 | @a20040506d1998 km y0chiy0120 ea | |
| 101 | 0 | @achi |
| 105 | @a z 000yy | |
| 200 | 1 | @a初中英语@AChu Zhong Ying Yu@f北京师范大学出版社组编@FBei Jing Shi Fan Da Xue Chu Ban She Zu Bian |
| 210 | @a北京@c北京师范大学出版社@d1998.04 | |
| 215 | @a455页@d19cm | |
| 225 | @a名师典型例题详解手册 | |
| 410 | @12001 @a名师典型例题详解手册 | |
| 606 | 0 | @a中学@x英语课 |
| 690 | @aG633.41@v3 | |
| 711 | 02 | @a北京师范大学出版社组@4编 |
| 801 | @aCN@bPftUser@c20040506 | |
| 905 | @dG633.41@e103@f1@b281906 | |
| 初中英语/北京师范大学出版社组编.-北京:北京师范大学出版社,1998.04 |
| 455页;19cm.-(名师典型例题详解手册) |
| ISBN 7-303-04564-3:CNY18.00 |
| ● |
| 相关链接 |
|
|
|
|
正题名:初中英语
索取号:G633.41/103
 
预约/预借
| 序号 | 登录号 | 条形码 | 馆藏地/架位号 | 状态 | 备注 |
| 1 | 0281899 | 002818990 | 第四借阅区/ [索取号:G633.41/103] | 在馆 | |
| 2 | 0281900 | 002819007 | 第四借阅区/ [索取号:G633.41/103] | 在馆 | |
| 3 | 0281901 | 002819016 | 第四借阅区/ [索取号:G633.41/103] | 在馆 | |
| 4 | 0281902 | 002819025 | 第四借阅区/ [索取号:G633.41/103] | 在馆 | |
| 5 | 0281904 | 002819043 | 第四借阅区/ [索取号:G633.41/103] | 在馆 | |
| 6 | 0281905 | 002819052 | 第四借阅区/ [索取号:G633.41/103] | 在馆 | |
| 7 | 0281906 | 002819061 | 第四借阅区/ [索取号:G633.41/103] | 在馆 | |
| 8 | 0281907 | 002819070 | 第四借阅区/ [索取号:G633.41/103] | 在馆 | |
| 9 | 0281908 | 002819089 | 第一样本阅览室/ [索取号:G633.41/103] | 在馆 |